00840cam a2200241 a 4500001000500000005001700005020001800022040002300040050001900063082000800082100002500090245005000115260007100165300005800236490002800294490002600322500003000348505000800378520013000386521002000516521002000536650004200556309220240205141208.0 a9780307119452 aDLCcDLCdDLCbeng00aPZ7.M462b198600a3031 aMayer, Mercerd1943-10aJust me and my babysitter /cby Mercer Mayer. aNew York :bGolden Book ;aRacine, Wis. :bWestern Pub. Co.,c1986 a23 unnumbered pages : bcolor illustrations ;c21 cm.0 aA Golden look-look book1 aA Little Critter book a"A Paperwing Press book." aJ  aLittle Critter does his enthusiastic best to help his babysitter, although his efforts frequently make a bad situation worse. a480 bLexile  aJ bRaz-Plus  1aBabysitters and babysittingvFiction.